Miejscowości przez które przejeżdża autobus 666 - Statystyki

Ogólne statystyki
  • Ten quiz został rozwiązany 54 razy
  • Średni wynik to 5 z 11
Statystyki odpowiedzi
Miejscowość % Poprawnych
Hel
96%
Władysławowo
84%
Jastarnia
80%
Chałupy
56%
Jastrzębia Góra
42%
Jurata
42%
Kuźnica
38%
Karwia
32%
Rozewie
30%
Chłapowo
24%
Ostrowo
18%
Nie znaleziono quizów pasujących do podanych kryteriów
Rozkład punktacji
Procent ludzi z każdym wynikiem
Percentyl według liczby udzielonych odpowiedzi
Twoja historia wyników
Nie rozwiązałeś tego quizu